Forstinsektenkunde, (Record no. 9222)

MARC details
000 -LEADER
fixed length control field 00764cam a22002411 4500
001 - CONTROL NUMBER
control field agr28001690
003 - CONTROL NUMBER IDENTIFIER
control field DLC
005 - DATE AND TIME OF LATEST TRANSACTION
control field 20260227110948.0
008 - FIXED-LENGTH DATA ELEMENTS--GENERAL INFORMATION
fixed length control field 761020s1927 gw ac 000 0 ger
010 ## - LIBRARY OF CONGRESS CONTROL NUMBER
LC control number agr28001690
035 ## - SYSTEM CONTROL NUMBER
System control number (OCoLC)2515737
040 ## - CATALOGING SOURCE
Original cataloging agency DLC
Transcribing agency GU
Modifying agency GU
-- DLC
042 ## - AUTHENTICATION CODE
Authentication code premarc
050 00 - LIBRARY OF CONGRESS CALL NUMBER
Classification number SB761
Item number .N8 1927
100 1# - MAIN ENTRY--PERSONAL NAME
Personal name Nüsslin, Otto,
Dates associated with a name 1850-1915.
245 10 - TITLE STATEMENT
Title Forstinsektenkunde,
Statement of responsibility, etc. von Otto Nüsslin.
250 ## - EDITION STATEMENT
Edition statement 4., neubearb und verm. Aufl.,
Remainder of edition statement hrsg. von L. Rhumbler.
260 ## - PUBLICATION, DISTRIBUTION, ETC.
Place of publication, distribution, etc. Berlin,
Name of publisher, distributor, etc. P. Parey,
Date of publication, distribution, etc. 1927.
300 ## - PHYSICAL DESCRIPTION
Extent xvi, 625 p.
Other physical details illus. (incl. ports.)
Dimensions 23 cm.
500 ## - GENERAL NOTE
General note 1.-2. Aufl. have title: Leitfaden der Forstinsektenkunde.
650 #0 - SUBJECT ADDED ENTRY--TOPICAL TERM
Topical term or geographic name entry element Trees
General subdivision Diseases and pests.
700 1# - ADDED ENTRY--PERSONAL NAME
Personal name Rhumbler, Ludwig,
Dates associated with a name 1864-1939,
Relator term ed.

No items available.

Powered by Koha